LEADER 01839nas 2200541- 450 001 996216357303316 005 20240217213017.0 011 $a2837-0805 035 $a(OCoLC)655787242 035 $a(CKB)110978977559957 035 $a(CONSER)--2023201462 035 $a(EXLCZ)99110978977559957 100 $a20100812a19769999 --- a 101 0 $aeng 135 $aurun||||a|a|| 181 $ctxt$2rdacontent 182 $cc$2rdamedia 183 $acr$2rdacarrier 200 00$aCadence 210 1$aRedwood, N.Y. :$cBob Rusch,$d[1976]- 210 21$aRedwood, N.Y. :$cCadence Jazz & Blues Magazine Ltd. 210 21$aRedwood, N.Y. :$cCadence Magazine 210 21$aRedwood, NY :$cCadnor Ltd. 210 31$aPortland, OR. :$cCadence Media LLC 215 $a1 online resource 300 $a"The American review of music," Jan. 1976-Apr. 1976; "The American review of jazz & blues," May 1976-; "The review of jazz & blues: creative improvised music," Jan. 1989- 300 $a"The independent journal of creative improvised music." 300 $aCalled "Annual ed." beginning in 2012. 311 $aPrint version: Cadence. (DLC) 81640946 (OCoLC)3589146 0162-6973 517 1 $aCadence magazine 531 $aCADENCE THE REVIEW OF JAZZ AND BLUES CREATIVE IMPROVISED MUSIC 531 0 $aCadence 606 $aJazz$vPeriodicals 606 $aBlues (Music)$vPeriodicals 606 $aBlues (Music)$2fast$3(OCoLC)fst00835056 606 $aJazz$2fast$3(OCoLC)fst00982165 608 $aPeriodicals.$2fast 608 $aPeriodicals.$2lcgft 615 0$aJazz 615 0$aBlues (Music) 615 7$aBlues (Music) 615 7$aJazz. 676 $a781.65 676 $a781/.57/05 906 $aJOURNAL 912 $a996216357303316 996 $aCadence$92372210 997 $aUNISA LEADER 03206nam 22006255 450 001 9910300327403321 005 20251113190435.0 010 $a3-642-45349-X 024 7 $a10.1007/978-3-642-45349-6 035 $a(CKB)3710000000105756 035 $a(EBL)1731227 035 $a(OCoLC)883570975 035 $a(SSID)ssj0001204794 035 $a(PQKBManifestationID)11644306 035 $a(PQKBTitleCode)TC0001204794 035 $a(PQKBWorkID)11180375 035 $a(PQKB)10366290 035 $a(MiAaPQ)EBC1731227 035 $a(DE-He213)978-3-642-45349-6 035 $a(PPN)178316792 035 $a(EXLCZ)993710000000105756 100 $a20140428d2014 u| 0 101 0 $aeng 135 $aur|n|---||||| 181 $ctxt 182 $cc 183 $acr 200 10$aAnterior Cruciate Ligament Reconstruction $eA Practical Surgical Guide /$fedited by Rainer Siebold, David Dejour, Stefano Zaffagnini 205 $a1st ed. 2014. 210 1$aBerlin, Heidelberg :$cSpringer Berlin Heidelberg :$cImprint: Springer,$d2014. 215 $a1 online resource (487 p.) 300 $aDescription based upon print version of record. 311 08$a3-642-45348-1 320 $aIncludes bibliographical references and index. 327 $aPartial ACL tear -- Complete ACL tear ? General considerations -- Anatomical Single bundle ACL reconstruction -- Double bundle ACL reconstruction -- Indications for Single- or double bundle ACL reconstruction -- Extra-articular Plasty -- ACL reconstruction with open physis -- One-Stage-Revision ACL -- Two-Stage-Revision ACL -- ACL + OSTEOTOMY -- Intraoperative complications -- Postoperative complications -- Rehabilitation & Return to Sports -- Prevention of ACL tear & rerupture. 330 $aThis practical and instructional guidebook, written by international experts in anterior cruciate ligament (ACL) reconstruction, covers all challenging aspects of ACL rupture in the acute and chronic setting. It covers the latest, spectacular anatomical findings, treatment of partial ACL tears, various techniques for single- and double-bundle ACL reconstruction, and complex ACL revision surgery. Important surgical steps are clearly described with the help of instructive, high-quality photographs. Important tips, tricks, and pitfalls are highlighted and intra- and postoperative complications, rehabilitation, and prevention of re-rupture are discussed. All authors are prominent and experienced ACL surgeons. 606 $aOrthopedic surgery 606 $aOrthopedics 606 $aSurgical Orthopedics 606 $aOrthopaedics 615 0$aOrthopedic surgery. 615 0$aOrthopedics. 615 14$aSurgical Orthopedics. 615 24$aOrthopaedics. 676 $a610 676 $a616.7 676 $a617.47 676 $a617.582059 702 $aSiebold$b Rainer$4edt$4http://id.loc.gov/vocabulary/relators/edt 702 $aDejour$b David$4edt$4http://id.loc.gov/vocabulary/relators/edt 702 $aZaffagnini$b Stefano$4edt$4http://id.loc.gov/vocabulary/relators/edt 906 $aBOOK 912 $a9910300327403321 996 $aAnterior Cruciate Ligament Reconstruction$91521871 997 $aUNINA